000
00295nam a2200121Ia 4500
008
190216s9999||||xx |||||||||||||| ||und||
100
_a
Rustagi R P
245
0
_a
Investment Analysis And Portfolio Management
260
_b
Sulthan Chand&Sons
300
_a
762
650
_a
Commerce
942
_c
BK
999
_c
7376
_d
7376